[Event "Eq:Pirates du Mat-O fou d hello :"]
[Site "www.echecsemail.com"]
[Date "2026.01.05"]
[Round "1"]
[White "Sp52"]
[Black "Jyfsk"]
[WhiteElo "2420"]
[BlackElo "1830"]
[Result "1-0"]
1.e4 c5
2.Ng1f3 d6
3.Bf1c4 Ng8f6
4.d3 e6
5.O-O Bf8e7
6.Nb1c3 O-O
7.h3 Nb8c6
8.Bc1e3 b6
9.d4 cxd4
10.Nf3xd4 Nc6xd4
11.Be3xd4 Bc8b7
12.Qd1e2 a6
13.a4 Ra8c8
14.Bc4xa6 Bb7xa6
15.Qe2xa6 Rc8b8
16.Qa6d3 e5
17.Bd4e3 Qd8c7
18.f3 Rf8d8
19.Nc3b5 Qc7b7
20.c4 Nf6e8
21.Qd3d5 Qb7c8
22.b3 Ne8c7
23.Nb5xc7 Qc8xc7
24.b4 Rb8b7
25.a5 bxa5
26.bxa5 Rd8a8
27.a6 Rb7b8
28.a7 Rb8b7
29.Rf1b1 Rb7xb1
30.Ra1xb1 g6
31.Qd5xa8 { abandon }1-0

[Event "5 octobre 2025"]
[Site "www.echecsemail.com"]
[Date "2026.01.05"]
[Round "1"]
[White "Petitlulu64"]
[Black "Kawa750"]
[WhiteElo "1670"]
[BlackElo "1780"]
[Result "0-1"]
1.c4 e6
2.d4 d5
3.c5 Nb8c6
4.Ng1f3 Ng8e7
5.Nb1c3 Ne7g6
6.e3 Bf8e7
7.Bf1b5 Bc8d7
8.O-O O-O
9.Bb5d3 e5
10.Nc3xd5 exd4
11.Nd5xe7 Ng6xe7
12.exd4 Bd7g4
13.Bd3e2 Ra8b8
14.Bc1e3 Ne7d5
15.Qd1c1 Nd5xe3
16.fxe3 h6
17.Qc1d1 Nc6b4
18.Qd1b3 Nb4d5
19.Rf1e1 Rf8e8
20.Be2c4 c6
21.Nf3e5 Bg4e6
22.Bc4xd5 Be6xd5
23.Qb3a3 a6
24.Re1e2 f6
25.Ne5g6 Bd5e4
26.Ng6f4 g5
27.Nf4h5 Be4g6
28.Nh5g3 h5
29.Ra1e1 Bg6e4
30.Ng3xh5 Kf7
31.Re1f1 Re8e6
32.Re2f2 f5
33.Nh5g3 Kg6
34.Qa3b3 Qd8d5
35.Qb3xd5 cxd5
36.Ng3xf5 Be4d3
37.Nf5g3 Bd3xf1
38.Kxf1 Re6xe3
39.Rf2d2 Rb8f8
40.Rd2f2 Rf8f4
41.Ng3e2 Rf4xf2
42.Kxf2 Re3e4
43.Kf3 g4
44.Kf2 Kg5
45.g3 Re4e6
46.Ne2f4 Re6e4
47.b3 Kf5
48.Nf4xd5 Re4xd4
49.Nd5e7 Ke6
50.Ne7c8 Rd4d2
51.Kg1 Rd2xa2
52.Nc8b6 Ra2b2
53.Nb6c4 Rb2xb3
54.Nc4a5 Rb3b5
55.Na5c4 Rb5xc5
56.Nc4e3 Rc5g5
57.Kf2 b5
58.Ne3c2 Kd5
59.Ke3 a5
60.Kf4 Rg5g8
61.Nc2e3 Kd4
62.Ne3xg4 Rg8xg4
63.Kxg4 b4
64.h4 b3
65.h5 b2
66.h6 b1Q
67.Kg5 Qb1h7
68.Kh5 Qh7f5
69.Kh4 Qf5g6
{ abandon }0-1

[Event "TRISTAN DA CUNHA"]
[Site "www.echecsemail.com"]
[Date "2026.01.05"]
[Round "1"]
[White "Petitlulu64"]
[Black "Intrigue"]
[WhiteElo "1750"]
[BlackElo "1750"]
[Result "0-1"]
1.e4 e5
2.Ng1f3 Nb8c6
3.Nb1c3 Ng8f6
4.Bf1c4 Bf8e7
5.O-O O-O
6.d3 h6
7.Bc1e3 d6
8.Nc3d5 a6
9.a3 b5
10.Nd5xf6 Be7xf6
11.Bc4d5 Bc8b7
12.c4 bxc4
13.dxc4 Ra8b8
14.b4 Nc6e7
15.a4 Bb7xd5
16.cxd5 Rb8xb4
17.a5 Qd8b8
18.Qd1c1 Rf8c8
19.Qc1c2 c6
20.Ra1b1 Rb4xb1
21.Rf1xb1 Qb8a8
22.Qc2d2 cxd5
23.exd5 Qa8xd5
24.Qd2b4 Ne7c6
25.Qb4b7 Rc8b8
26.Qb7xb8 Nc6xb8
27.h3 Nb8d7
28.Nf3d2 Bf6g5
29.Nd2f3 Bg5xe3
30.fxe3 Qd5d3
31.Rb1e1 e4
32.Nf3d4 Nd7e5
33.Nd4f5 Qd3c3
34.Re1f1 Qc3xa5
35.Nf5xd6 Qa5c5
36.Nd6f5 a5
37.Nf5d4 a4
38.Rf1f2 a3
39.Rf2c2 Qc5b4
40.Kh2 Ne5c4
41.Nd4c6 Qb4b3
42.Nc6d4 Qb3d3
43.h4 Nc4xe3
44.Rc2c8 Kh7
45.Rc8d8 Qd3c4
46.Rd8d7 Ne3f1
47.Kg1 Nf1g3
48.Kh2 Ng3h5
49.Rd7e7 a2
50.Re7xe4 a1Q
{ abandon }0-1

[Event "Défi( 10J+24H/c 10J Max )"]
[Site "www.echecsemail.com"]
[Date "2026.01.05"]
[Round "1"]
[White "Vvvv"]
[Black "Petitlulu64"]
[WhiteElo "1770"]
[BlackElo "1730"]
[Result "1-0"]
1.e4 e5
2.Ng1f3 Nb8c6
3.Bf1c4 Bf8e7
4.d4 Be7f6
5.c3 exd4
6.cxd4 d6
7.h3 Bf6e7
8.O-O Bc8d7
9.Nb1c3 Nc6a5
10.Bc4d3 Na5c6
11.Nc3d5 Bd7e6
12.Nd5xc7 Qd8xc7
13.d5 Be6xh3
14.dxc6 Bh3g4
15.cxb7 Qc7xb7
16.Qd1a4 Bg4d7
17.Qa4d1 Ng8f6
18.Rf1e1 O-O
19.b3 Bd7c6
20.Bc1a3 Rf8e8
21.Nf3g5 h6
22.Ng5xf7 Kxf7
23.Bd3c4 d5
24.exd5 Bc6xd5
25.Re1xe7 Re8xe7
26.Ba3xe7 Bd5xc4
27.Be7xf6 gxf6
28.bxc4 Ra8c8
29.Qd1h5 Kg7
30.Qh5g4 Kh7
31.Ra1e1 Rc8g8
32.Qg4e4 Qb7xe4
33.Re1xe4 Rg8c8
34.f4 Kg6
35.Kf2 a5
36.Kg3 Rc8c5
37.Kf2 h5
38.g3 Kf5
39.Kf3 a4
40.a3 Kg6
41.Re4d4 f5
42.Ke3 Kf6
43.Kd3 Ke6
44.Rd4d8 Kf6
45.Kd4 Rc5a5
46.c5 Ke6
47.Rd8h8 Ra5a7
48.Rh8h6 Kf7
49.Rh6xh5 Kg6
50.Rh5g5 Kf6
51.c6 Ra7c7
52.Kd5 Rc7e7
53.g4 fxg4
54.Rg5xg4 Re7e3
55.c7 Re3c3
56.Kd6 Rc3d3
57.Kc6 Rd3c3
58.Kb7 Rc3b3
59.Ka8 Rb3c3
60.Kb8 Rc3b3
61.Kc8 Kf7
62.Rg4g5 Rb3xa3
63.Rg5d5 Ke7
64.Rd5d7 Ke8
65.Rd7d4 Ra3c3
66.Rd4xa4 Rc3c2
67.Ra4b4 Rc2c5
68.Kb8 Kd7
69.Rb4d4 Ke8
70.c8Q Rc5xc8
71.Kxc8 Kf7
72.Rd4e4 Kf6
73.Re4e5 { abandon }1-0

[Event "Eq:Les Rois du Succes-Vikings :"]
[Site "www.echecsemail.com"]
[Date "2026.01.05"]
[Round "1"]
[White "Hogar"]
[Black "Viv59"]
[WhiteElo "2830"]
[BlackElo "2300"]
[Result "1-0"]
1.e4 d6
2.d4 Ng8f6
3.Nb1c3 e5
4.Ng1f3 Nb8d7
5.Bf1c4 Bf8e7
6.a4 a5
7.Nf3g5 O-O
8.Bc4xf7 Rf8xf7
9.Ng5e6 Qd8e8
10.Ne6xc7 Qe8d8
11.Nc7xa8 b6
12.Nc3b5 Nf6xe4
13.O-O Bc8b7
14.Na8c7 exd4
15.Qd1xd4 Be7f6
16.Qd4c4 Nd7e5
17.Qc4e6 Kf8
18.Bc1e3 Rf7e7
19.Be3xb6 Qd8b8
20.Bb6a7 Qb8d8
21.f4 Ne5c6
22.Ba7b6 Qd8b8
23.Qe6c4 Nc6d8
24.Bb6xa5 Qb8c8
25.Ba5b4 Qc8g4
26.Nc7d5 Re7e6
27.f5 { abandon }1-0

[Event "Tournoi n27320"]
[Site "www.echecsemail.com"]
[Date "2026.01.05"]
[Round "1"]
[White "Tiounet"]
[Black "Voyageur"]
[WhiteElo "1590"]
[BlackElo "1510"]
[Result "0-1"]
1.a3 g6
2.b4 Bf8g7
3.Nb1c3 b6
4.Bc1b2 Bc8b7
5.Ng1f3 d6
6.g3 Nb8d7
7.Bf1g2 Ng8f6
8.O-O O-O
9.d3 e5
10.Nc3b5 c5
11.Nb5xd6 Qd8c7
12.Nd6xb7 Qc7xb7
13.Nf3xe5 Nf6d5
14.c4 Bg7xe5
15.Bg2xd5 Qb7c7
16.Bb2xe5 Nd7xe5
17.Bd5xa8 Rf8xa8
18.b5 Ra8e8
19.Rf1e1 Qc7e7
20.Ra1a2 Qe7f6
21.Qd1d2 Ne5g4
22.e3 Qf6f3
23.Qd2e2 Qf3f5
24.h3 Ng4e5
25.f4 Ne5xd3
26.Ra2d2 Nd3xe1
27.Qe2xe1 Qf5xh3
28.Rd2h2 Qh3g4
29.Rh2h4 Qg4f3
30.g4 Re8xe3
31.Qe1f1 Qf3g3
32.Qf1g2 Re3e1
0-1

[Event "Défi"]
[Site "www.echecsemail.com"]
[Date "2026.01.05"]
[Round "1"]
[White "Kawa750"]
[Black "Vvvv"]
[WhiteElo "1800"]
[BlackElo "1700"]
[Result "1-0"]
1.d4 Ng8f6
2.Ng1f3 d5
3.Nb1c3 c6
4.Bc1g5 e6
5.e4 dxe4
6.Bg5xf6 gxf6
7.Nc3xe4 Nb8d7
8.Bf1d3 Bf8g7
9.O-O O-O
10.Ne4d6 Nd7b6
11.Nd6xc8 Ra8xc8
12.c3 Rc8c7
13.Qd1c2 f5
14.Rf1e1 Nb6d5
15.g3 c5
16.Nf3e5 Bg7xe5
17.dxe5 Qd8g5
18.h4 Qg5g6
19.Kh2 c4
20.Bd3f1 Kh8
21.Bf1g2 f4
22.Qc2xg6 fxg6
23.Bg2xd5 fxg3
24.Kxg3 exd5
25.e6 Rf8e8
26.Ra1d1 Rc7e7
27.Rd1xd5 Re7xe6
28.Re1d1 Re6e2
29.Rd5d8 Kg7
30.Rd8xe8 Re2xe8
31.Rd1d7 Kh6
32.Rd7xb7 Re8a8
33.Rb7c7 a5
34.Rc7xc4 a4
35.Rc4e4 Ra8a5
36.f4 a3
37.b3 Kg7
38.Re4e7 Kh6
39.Re7e5 { abandon }1-0

[Event "VIC LA GARDIOLE"]
[Site "www.echecsemail.com"]
[Date "2026.01.05"]
[Round "1"]
[White "Patau"]
[Black "Orosco"]
[WhiteElo "1660"]
[BlackElo "2280"]
[Result "1-0"]
1.e4 e5
2.Ng1f3 Nb8c6
3.Nb1c3 Ng8f6
4.d4 exd4
5.Nc3d5 Bf8b4
6.c3 dxc3
7.Nd5xc3 O-O
8.Bf1d3 d6
9.Bc1d2 Bc8g4
10.h3 Bg4xf3
11.Qd1xf3 Nc6d4
12.Qf3g3 Kh8
13.O-O Nf6h5
14.Qg3g5 Qd8xg5
15.Bd2xg5 f6
16.Bg5e3 Bb4xc3
17.bxc3 Nd4c6
18.g4 Nc6e5
19.Bd3e2 g6
20.gxh5 gxh5
21.Be2xh5 Rf8g8
22.Kh2 Ne5c4
23.Rf1g1 Rg8xg1
24.Ra1xg1 Nc4e5
25.Be3d4 c5
26.Bd4xe5 fxe5
27.Bh5f7 Ra8f8
28.Bf7d5 Rf8xf2
29.Rg1g2 Rf2xg2
30.Kxg2 b6
31.Kg3 Kg7
32.Kg4 Kf6
33.h4 h6
34.h5 b5
35.Bd5c6 a6
36.Bc6b7 a5
37.Bb7c6 b4
38.cxb4 axb4
39.Bc6d5 Ke7
40.Kf5 Kd7
41.Kg6 Ke7
42.Kxh6 { abandon }1-0

[Event "Coupe Niveau 5"]
[Site "www.echecsemail.com"]
[Date "2026.01.05"]
[Round "1"]
[White "Guig47"]
[Black "Alain64"]
[WhiteElo "2210"]
[BlackElo "2140"]
[Result "1-0"]
1.e4 c5
2.c3 e5
3.d4 cxd4
4.cxd4 exd4
5.Ng1f3 Nb8c6
6.Nf3xd4 Qd8b6
7.Nd4xc6 dxc6
8.Nb1c3 Bf8b4
9.Bf1c4 Ng8f6
10.e5 Nf6g4
11.O-O O-O
12.e6 fxe6
13.Qd1xg4 Rf8e8
14.Bc1h6 Bb4xc3
15.bxc3 Qb6c7
16.Ra1e1 Kh8
17.Bh6f4 Qc7f7
18.Bf4e5 b5
19.Bc4b3 a5
20.Re1e3 Bc8d7
21.Rf1d1 Ra8d8
22.Re3f3 Qf7g6
23.Qg4xg6 hxg6
24.Rf3f7 Bd7c8
25.Rf7xg7 Rd8xd1
26.Bb3xd1 Re8f8
27.Bd1g4 c5
28.Rg7c7 Kg8
29.Rc7xc8 { abandon }1-0

[Event "Défi"]
[Site "www.echecsemail.com"]
[Date "2026.01.05"]
[Round "1"]
[White "Voyageur"]
[Black "Tiounet"]
[WhiteElo "1510"]
[BlackElo "1590"]
[Result "1-0"]
1.d4 b5
2.e4 Bc8b7
3.d5 a6
4.b3 Ng8f6
5.Bf1d3 g6
6.Bc1b2 Bf8g7
7.Ng1f3 O-O
8.O-O d6
9.Nb1d2 c6
10.c4 bxc4
11.bxc4 cxd5
12.cxd5 Nb8d7
13.Qd1b3 Nd7c5
14.Qb3c3 Nf6h5
15.e5 Nc5xd3
16.Qc3xd3 Nh5f4
17.Qd3b3 Bb7xd5
18.Qb3e3 Nf4e6
19.Bb2c3 Rf8e8
20.exd6 Qd8xd6
21.Bc3xg7 Kxg7
22.Rf1d1 Qd6c5
23.Qe3e5 Kg8
24.Nd2e4 Bd5xe4
25.Qe5xe4 a5
26.Rd1d7 Qc5c3
27.Ra1d1 Qc3b2
28.Rd7d2 Qb2b4
29.Qe4e5 a4
30.Nf3g5 Qb4c4
31.Ng5xe6 fxe6
32.Rd2e2 Ra8a5
33.Qe5xe6 Qc4xe6
34.Re2xe6 a3
35.Rd1e1 Kf7
36.g3 Ra5b5
37.Re6e3 Re8a8
38.Re3xe7 Kg8
39.Re7e3 Rb5b2
40.Re3e2 Rb2xe2
41.Re1xe2 h5
42.f4 Kf7
43.Kf2 Kf6
44.Kf3 Ra8a4
45.Re2e3 Kf5
46.h3 g5
47.Re3e5 Kf6
48.Re5xg5 { abandon }1-0

[Event "Tournoi n27371"]
[Site "www.echecsemail.com"]
[Date "2026.01.05"]
[Round "1"]
[White "Voyageur"]
[Black "Tiounet"]
[WhiteElo "1530"]
[BlackElo "1670"]
[Result "1-0"]
1.d4 b5
2.e4 Bc8b7
3.d5 a6
4.b3 Ng8f6
5.Nb1d2 g6
6.Bc1b2 Bf8g7
7.Ng1f3 O-O
8.g3 d6
9.Bf1g2 c6
10.dxc6 Bb7xc6
11.O-O Nb8d7
12.Rf1e1 Nd7c5
13.e5 Nf6g4
14.Ra1b1 Ng4xe5
15.Nf3xe5 dxe5
16.Bg2xc6 Ra8c8
17.Bc6g2 Qd8d6
18.c4 bxc4
19.Nd2xc4 Qd6xd1
20.Rb1xd1 f6
21.Bb2a3 Rf8e8
22.Nc4b6 Rc8c6
23.Bg2xc6 Re8b8
24.Ba3xc5 { abandon }1-0

[Event "Memorial Lara CIII"]
[Site "www.echecsemail.com"]
[Date "2026.01.05"]
[Round "1"]
[White "Intrigue"]
[Black "Bertelsen"]
[WhiteElo "1760"]
[BlackElo "1730"]
[Result "1-0"]
1.e4 e5
2.f4 Bf8e7
3.Ng1f3 Be7h4
4.g3 Bh4e7
5.fxe5 d5
6.exd5 Qd8xd5
7.Bf1g2 Bc8g4
8.O-O Qd5c5
9.d4 Qc5b6
10.Nb1c3 Nb8d7
11.a3 O-O-O
12.b4 Nd7xe5
13.Qd1e1 Bg4xf3
14.Bg2xf3 Ne5xf3
15.Rf1xf3 Qb6xd4
16.Kg2 Qd4c4
17.Bc1b2 f6
18.Ra1d1 Rd8xd1
19.Qe1xd1 Ng8h6
20.Qd1d3 Qc4f7
21.Nc3e4 Rh8d8
22.Qd3e2 Nh6g4
23.h3 Ng4h6
24.Ne4c5 Be7xc5
25.bxc5 Nh6g8
26.a4 Ng8e7
27.c4 Ne7c6
28.Qe2e4 Nc6e5
29.Bb2xe5 Rd8d2
30.Kf1 Kb8
31.Be5f4 Rd2d1
32.Ke2 Qf7d7
33.Rf3d3 { abandon }1-0

[Event "gewinner"]
[Site "www.echecsemail.com"]
[Date "2026.01.05"]
[Round "1"]
[White "Anton17"]
[Black "Luc20"]
[WhiteElo "1420"]
[BlackElo "1860"]
[Result "0-1"]
1.e4 e6
2.d4 d5
3.e5 c5
4.Bf1b5 Nb8c6
5.c3 Bc8d7
6.Ng1f3 a6
7.Bb5a4 b5
8.Ba4b3 Nc6a5
9.Nb1d2 Na5xb3
10.Qd1xb3 c4
11.Qb3c2 Ng8e7
12.O-O Ne7f5
13.b4 a5
14.Bc1a3 Bf8e7
15.Rf1e1 axb4
16.Ba3xb4 Be7xb4
17.cxb4 Qd8b6
18.Qc2b2 O-O
19.Ra1d1 Ra8a4
20.h3 Rf8a8
21.Nd2b1 Ra4xa2
22.Qb2c1 Ra8a6
23.Nb1c3 Ra2a1
24.Qc1g5 Ra1xd1
25.Re1xd1 h6
26.Qg5g4 Qb6a7
27.Kh2 Ra6a1
28.Rd1d2 Qa7a3
29.Rd2c2 Qa3xb4
30.Qg4f4 Qb4b3
31.Qf4d2 b4
32.Nc3a2 c3
33.Qd2e2 Bd7a4
34.Rc2c1 Ra1xa2
35.Qe2a6 Ba4e8
36.Qa6c8 Kf8
37.Rc1e1 Ra2xf2
38.Qc8c5 Nf5e7
39.Re1a1 Qb3b2
40.Ra1g1 Rf2xf3
41.Qc5xc3 Rf3xc3
42.Kh1 Rc3c2
{ abandon }0-1

[Event "Défi"]
[Site "www.echecsemail.com"]
[Date "2026.01.05"]
[Round "1"]
[White "Payne42"]
[Black "Superman"]
[WhiteElo "1830"]
[BlackElo "1760"]
[Result "0-1"]
1.f4 c5
2.Ng1f3 Nb8c6
3.e3 d6
4.Bf1b5 Bc8d7
5.b3 a6
6.Bb5xc6 Bd7xc6
7.Bc1b2 Ng8f6
8.O-O e6
9.d3 Bf8e7
10.Qd1e1 O-O
11.Nb1d2 b5
12.e4 Qd8c7
13.Nf3h4 h6
14.Qe1e2 Nf6h7
15.f5 Be7xh4
16.Qe2g4 Bh4g5
17.h4 Bg5f6
18.Bb2xf6 Nh7xf6
19.Qg4g3 Nf6h5
20.Qg3f3 Nh5f6
21.g4 Ra8e8
22.g5 hxg5
23.hxg5 Nf6h7
24.Qf3g4 exf5
25.Qg4xf5 Bc6d7
26.Qf5f4 Bd7e6
27.Rf1f2 Qc7e7
28.Ra1f1 Qe7xg5
29.Rf2g2 Qg5xf4
30.Rf1xf4 f6
31.Kf2 Nh7g5
32.Ke3 Re8e7
33.Nd2f3 Ng5xf3
34.Kxf3 g5
35.Ke3 Re7h7
36.Rf4f2 Be6h3
37.Rg2g3 Rf8f7
38.Rf2h2 Bh3e6
39.Rh2g2 Rf7g7
40.c3 Rh7h1
41.c4 Kf7
42.cxb5 axb5
43.d4 Rh1e1
44.Kd3 Re1d1
45.Rg2d2 Rd1f1
46.dxc5 dxc5
47.Ke3 Rg7h7
48.Rg3g2 Rh7h3
49.Ke2 Rf1f3
50.Ke1 c4
51.b4 Kg6
52.Rd2d6 Rf3e3
53.Rg2e2 Re3xe2
54.Kxe2 Be6g4
55.Kf2 c3
56.Kg2 c2
57.Rd6c6 Rh3e3
58.Rc6xc2 Re3xe4
59.a3 Re4e2
60.Rc2xe2 Bg4xe2
61.Kf2 Be2c4
62.Ke3 Kf5
63.Kd4 Kf4
64.Kc5 g4
65.a4 bxa4
66.Kxc4 a3
67.Kb3 g3
68.b5 g2
69.b6 g1Q
70.b7 Qg1b6
71.Kxa3 Ke3
72.Ka4 Kd4
73.b8Q Qb6xb8
74.Ka3 Kc3
75.Ka4 Qb8b4
0-1

[Event "Tournoi n27168"]
[Site "www.echecsemail.com"]
[Date "2026.01.05"]
[Round "1"]
[White "Prize640"]
[Black "Boudon"]
[WhiteElo "2210"]
[BlackElo "2240"]
[Result "1-0"]
1.c4 e5
2.Nb1c3 Bf8b4
3.Nc3d5 Bb4c5
4.e3 Ng8e7
5.b4 c6
6.Nd5xe7 Bc5xe7
7.a3 d5
8.Bc1b2 d4
9.Ng1f3 Bc8g4
10.h3 Bg4xf3
11.Qd1xf3 O-O
12.exd4 exd4
13.d3 Rf8e8
14.Bf1e2 Be7f6
15.O-O Nb8d7
16.Rf1e1 Nd7e5
17.Qf3g3 Ne5g6
18.Be2h5 Qd8b8
19.Qg3xb8 Ra8xb8
20.Bh5xg6 fxg6
21.Kf1 Kf7
22.Re1xe8 Rb8xe8
23.Ra1e1 Re8e6
24.Re1xe6 Kxe6
25.Ke2 h5
26.Kf3 a6
27.Ke4 g5
28.Bb2xd4 h4
29.Bd4c5 Bf6b2
30.a4 Bb2c3
31.b5 Bc3e1
32.f3 Be1d2
33.Bc5e3 Bd2xe3
34.Kxe3 g6
35.bxa6 bxa6
36.d4 a5
37.Ke4 Kd6
38.c5 { abandon }1-0

[Event "Défi"]
[Site "www.echecsemail.com"]
[Date "2026.01.05"]
[Round "1"]
[White "Intrigue"]
[Black "Lancov"]
[WhiteElo "1730"]
[BlackElo "1930"]
[Result "1-0"]
1.e4 d6
2.Ng1f3 Ng8f6
3.Nb1c3 g6
4.b3 Bf8g7
5.Bc1b2 Bc8g4
6.Bf1e2 Nb8c6
7.O-O O-O
8.h3 Bg4xf3
9.Be2xf3 e5
10.Rf1e1 Nc6d4
11.d3 Nd4xf3
12.Qd1xf3 c6
13.Ra1d1 b5
14.a3 a5
15.Nc3e2 Nf6d7
16.c4 f5
17.cxb5 cxb5
18.Ne2c3 Ra8b8
19.exf5 Rf8xf5
20.Qf3d5 Kh8
21.Nc3xb5 Bg7f8
22.Nb5xd6 Qd8e7
23.Nd6xf5 gxf5
24.Bb2xe5 Nd7xe5
25.Qd5xe5 Qe7xe5
26.Re1xe5 Rb8xb3
27.Re5xf5 Kg7
28.Rf5xa5 Bf8xa3
29.g4 Ba3d6
30.Ra5a6 Bd6c5
31.d4 Bc5e7
32.Rd1e1 Be7f6
33.d5 Rb3xh3
34.Kg2 Rh3d3
35.d6 Rd3d2
36.Ra6c6 Bf6d4
37.Re1e7 Kf6
38.Re7xh7 Rd2xf2
39.Kh1 Rf2f1
40.Kh2 Bd4e5
41.Kg2 Rf1d1
42.d7 Kg5
43.Rc6c8 Rd1d2
44.Kf1 { abandon }1-0

[Event "HAWAII  2"]
[Site "www.echecsemail.com"]
[Date "2026.01.05"]
[Round "1"]
[White "Pgo"]
[Black "Jyfsk"]
[WhiteElo "1770"]
[BlackElo "1830"]
[Result "0-1"]
1.e4 c5
2.Ng1f3 d6
3.Bf1b5 Bc8d7
4.Nb1c3 Bd7xb5
5.Nc3xb5 Ng8f6
6.d3 e6
7.O-O Bf8e7
8.h3 O-O
9.Bc1g5 a6
10.Nb5c3 Nb8c6
11.Rf1e1 b5
12.a3 Ra8b8
13.Qd1e2 Qd8c7
14.Ra1b1 a5
15.e5 dxe5
16.Nf3xe5 Nc6xe5
17.Qe2xe5 Qc7xe5
18.Re1xe5 Rf8c8
19.Bg5h4 Kf8
20.Rb1e1 h6
21.Nc3e4 Nf6xe4
22.Bh4xe7 Kxe7
23.Re5xe4 Rc8c6
24.c3 Rb8d8
25.Re1e3 Rd8d6
26.d4 cxd4
27.cxd4 Rc6c2
28.Re3e2 Rc2xe2
29.Re4xe2 Rd6xd4
30.g3 f6
31.h4 e5
32.f4 Rd4d5
33.Kf2 Kd6
34.fxe5 Rd5xe5
35.Re2d2 Kc5
36.Rd2c2 Kd4
37.Kf3 Re5c5
38.Rc2d2 Ke5
39.g4 Rc5d5
40.Rd2e2 Kd6
41.Ke3 Rd5e5
42.Kd3 Re5xe2
43.Kxe2 Ke5
44.Kf3 Kd4
45.Kf4 Kc4
46.Kf5 Kb3
47.Kg6 Kxb2
48.Kxg7 Kxa3
49.Kxh6 b4
50.Kg6 b3
51.h5 b2
52.h6 b1Q
53.Kg7 Qb1b7
54.Kxf6 Qb7h7
55.g5 Kb4
56.g6 Qh7xh6
57.Kf7 a4
58.g7 Qh6xg7
59.Kxg7 a3
{ abandon }0-1

[Event "XERTIGNY  VOSGES"]
[Site "www.echecsemail.com"]
[Date "2026.01.05"]
[Round "1"]
[White "4x4"]
[Black "Intrigue"]
[WhiteElo "1460"]
[BlackElo "1720"]
[Result "0-1"]
1.e4 e5
2.Ng1f3 Ng8f6
3.Bf1c4 Nb8c6
4.Nf3g5 d5
5.Bc4xd5 Nf6xd5
6.d3 Nd5f6
7.Nb1c3 Bf8e7
8.Bc1e3 h6
9.Ng5f3 Bc8e6
10.Qd1d2 O-O
11.O-O-O a6
12.Nf3e1 b5
13.a3 Nf6g4
14.f3 Ng4xe3
15.Qd2xe3 Nc6d4
16.b4 Be7g5
17.f4 Bg5xf4
18.Qe3xf4 exf4
19.Ne1f3 Nd4xf3
20.gxf3 Qd8f6
21.Rh1g1 Qf6xc3
22.Rg1g2 a5
23.Rd1g1 axb4
24.Kd1 Ra8xa3
25.Rg2d2 Ra3a1
26.Ke2 Ra1xg1
27.Kf2 Qc3xd2
28.Kxg1 Rf8a8
29.h4 Ra8a1
0-1

[Event "Défi"]
[Site "www.echecsemail.com"]
[Date "2026.01.05"]
[Round "1"]
[White "Castor"]
[Black "Jm29"]
[WhiteElo "1360"]
[BlackElo "1520"]
[Result "1-0"]
1.d4 d5
2.c4 Ng8f6
3.Nb1c3 e6
4.f3 Bf8b4
5.Bc1d2 O-O
6.e3 a5
7.Bf1d3 h6
8.Ng1e2 c6
9.O-O Bb4d6
10.c5 Bd6c7
11.f4 Nf6h7
12.Rf1f3 Nh7f6
13.Rf3g3 Nf6h5
14.Rg3f3 Nh5f6
15.Ne2g3 Nf6h7
16.Qd1e1 b6
17.Ng3h5 bxc5
18.dxc5 e5
19.Qe1g3 e4
20.Qg3xg7 1-0

[Event "VIC LA GARDIOLE"]
[Site "www.echecsemail.com"]
[Date "2026.01.05"]
[Round "1"]
[White "Patau"]
[Black "Tartu"]
[WhiteElo "1660"]
[BlackElo "1690"]
[Result "0-1"]
1.e4 e5
2.Ng1f3 Nb8c6
3.Nb1c3 Ng8f6
4.d4 exd4
5.Nc3d5 d6
6.Nf3xd4 Bc8e6
7.Nd4xe6 fxe6
8.Nd5xf6 Qd8xf6
9.Bf1c4 O-O-O
10.O-O Kb8
11.Bc1e3 a6
12.c3 Bf8e7
13.Qd1d2 Nc6e5
14.Bc4e2 h6
15.Ra1d1 g5
16.f4 gxf4
17.Be3xf4 Qf6g7
18.Qd2e3 Ne5g4
19.Be2xg4 Qg7xg4
20.Bf4xh6 Qg4h4
21.Rf1f7 Rh8xh6
22.h3 Be7g5
23.Qe3f3 Rh6f6
24.Rf7xf6 Bg5xf6
25.Qf3g4 Qh4xg4
26.hxg4 Rd8g8
27.Rd1f1 Bf6e5
28.Rf1f7 Rg8g7
29.Rf7xg7 Be5xg7
30.Kf2 Kc8
31.a4 Kd7
32.Kf3 Bg7e5
33.Ke3 Ke7
34.Kd3 Kf7
35.b3 c5
36.c4 b6
37.Ke3 a5
38.Kf3 Kg6
39.Ke3 Kg5
40.Kf3 Be5d4
41.Kg3 Bd4b2
42.Kf3 Bb2c1
43.g3 Bc1d2
44.Ke2 Bd2c3
45.Kf3 e5
46.Ke3 Kxg4
47.Kf2 Bc3d2
48.Kg2 Bd2e3
49.Kh2 Kf3
50.Kh3 Be3g5
{ abandon }0-1

[Event "Tournoi n27353"]
[Site "www.echecsemail.com"]
[Date "2026.01.05"]
[Round "1"]
[White "4x4"]
[Black "Aramis"]
[WhiteElo "1430"]
[BlackElo "1550"]
[Result "0-1"]
1.e4 e5
2.d3 Ng8f6
3.Nb1c3 Bf8e7
4.f3 c6
5.Bc1g5 O-O
6.Qd1d2 Nf6h5
7.Bg5xe7 Qd8xe7
8.Ng1e2 d6
9.h3 Nb8d7
10.g4 Qe7h4
11.Kd1 Nh5f6
12.Kc1 h6
13.Bf1g2 Nf6h7
14.b3 a6
15.Kb2 f6
16.Ra1f1 Nd7c5
17.Nc3d1 Nc5e6
18.Nd1e3 Ne6f4
19.Ne2xf4 exf4
20.Ne3f5 Bc8xf5
21.gxf5 Rf8f7
22.c4 Nh7f8
23.d4 Nf8d7
24.Rf1f2 Rf7e7
25.Rh1g1 b6
26.Bg2h1 Qh4xh3
27.Qd2xf4 d5
28.cxd5 cxd5
29.Qf4d6 Ra8e8
30.Rf2h2 Qh3xh2
31.Rg1g2 Qh2xd6
32.e5 fxe5
33.Rg2g4 exd4
34.Rg4xd4 Re7e2
35.Kb1 Re2e1
36.Kc2 Re8e2
37.Rd4d2 Qd6c5
38.Kd3 Qc5e3
39.Kc2 Qe3xd2
0-1

[Event "Schachspiel2"]
[Site "www.echecsemail.com"]
[Date "2026.01.05"]
[Round "1"]
[White "Anton17"]
[Black "Luc20"]
[WhiteElo "1420"]
[BlackElo "1850"]
[Result "0-1"]
1.e4 e6
2.Ng1f3 d5
3.Nb1c3 c6
4.d4 Bf8b4
5.Bc1d2 Ng8e7
6.Bf1d3 Nb8d7
7.e5 b5
8.O-O Nd7b6
9.h3 Nb6c4
10.Bd3xc4 bxc4
11.a3 Bb4a5
12.b4 cxb3
13.cxb3 O-O
14.b4 Ba5b6
15.Rf1e1 Ne7f5
16.Bd2g5 Qd8d7
17.a4 Rf8e8
18.a5 Bb6d8
19.Bg5xd8 Qd7xd8
20.Qd1d2 Ra8b8
21.Nc3e2 Qd8e7
22.Ra1b1 Bc8a6
23.Qd2g5 Ba6d3
24.Rb1b3 Bd3c4
25.Qg5xe7 Re8xe7
26.Rb3c3 Rb8xb4
27.Nf3d2 Bc4b5
28.Rc3a3 Nf5xd4
29.Ne2c3 Nd4c2
30.Ra3a1 Nc2xe1
31.Ra1xe1 Bb5d3
32.Re1e3 Bd3g6
33.Kh2 d4
34.Re3f3 dxc3
35.Rf3xc3 Re7c7
36.f3 Rb4b5
37.Nd2c4 Rb5c5
38.Kg3 Rc7d7
39.Kf2 Rd7d4
40.Ke3 Rd4xc4
41.Rc3xc4 Rc5xc4
42.g3 Rc4c3
43.Kf2 Rc3a3
44.f4 Ra3xa5
45.h4 Ra5a3
46.Kg2 a5
47.Kh3 Bg6f5
48.Kg2 a4
49.Kf2 Ra3b3
50.Kg2 a3
{ abandon }0-1

[Event "Amical( 10J+24H/c 10J Max )"]
[Site "www.echecsemail.com"]
[Date "2026.01.05"]
[Round "1"]
[White "Tichaton"]
[Black "Sarcoidose59"]
[WhiteElo "1340"]
[BlackElo "2010"]
[Result "0-1"]
1.e4 c5
2.Ng1f3 Nb8c6
3.Bf1c4 e6
4.d4 cxd4
5.c3 Qd8c7
6.Nf3xd4 Nc6xd4
7.Qd1xd4 Bf8c5
8.Qd4xg7 Qc7d6
9.Qg7xh8 Qd6f8
10.b4 Bc5e7
11.Nb1d2 Be7f6
12.Qh8xh7 a6
13.O-O b5
14.Bc4e2 Bc8b7
15.Bc1b2 O-O-O
16.Ra1c1 Kb8
17.Be2f3 Bf6e5
18.Qh7h5 Qf8g7
19.Qh5h4 Ng8f6
20.Rc1b1 Rd8h8
21.Bf3h5 Rh8xh5
22.Qh4xh5 Nf6xh5
23.c4 Be5xb2
24.cxb5 axb5
25.Rb1e1 Bb2e5
26.h3 Nh5f4
27.g4 Nf4xh3
28.Kh1 Qg7h7
29.Re1e3 Nh3xf2
30.Kg2 Qh7h2
31.Kf3 Qh2g3
32.Ke2 Qg3xg4
33.Ke1 Nf2xe4
34.Rf1xf7 Be5g3
35.Re3xg3 Ne4xg3
36.Rf7f8 Kc7
37.Rf8f2 Qg4xb4
38.Kd1 Qb4d4
39.Rf2f7 Ng3e4
{ abandon }0-1

[Event "Marmotte chess  3"]
[Site "www.echecsemail.com"]
[Date "2026.01.05"]
[Round "1"]
[White "Qsdmlk"]
[Black "Daimyo"]
[WhiteElo "1560"]
[BlackElo "1390"]
[Result "0-1"]
1.d4 d5
2.Ng1f3 Ng8f6
3.e3 Bc8g4
4.Nb1d2 e6
5.Bf1e2 Bf8d6
6.Nf3e5 Bd6xe5
7.dxe5 Bg4xe2
8.Qd1xe2 Nf6d7
9.Nd2f3 O-O
10.O-O Nb8c6
11.b3 Nc6xe5
12.Nf3xe5 Nd7xe5
13.Rf1d1 Ne5g6
14.e4 d4
15.c3 Qd8f6
16.cxd4 Ra8d8
17.Bc1b2 Ng6f4
18.Qe2e3 Qf6g5
19.Qe3f3 f5
20.Kh1 fxe4
21.Qf3g3 Qg5xg3
22.fxg3 Nf4d5
23.Ra1c1 Rf8f2
24.Bb2a3 Rf2xa2
25.Ba3c5 b6
26.Bc5b4 Nd5xb4
27.Rc1xc7 Nb4d3
28.Rc7c6 Nd3f2
{ abandon }0-1

[Event "Défi"]
[Site "www.echecsemail.com"]
[Date "2026.01.05"]
[Round "1"]
[White "Joelcouturier"]
[Black "Epervier14"]
[WhiteElo "1180"]
[BlackElo "1220"]
[Result "1-0"]
1.e4 e5
2.Ng1f3 Ng8f6
3.Bf1c4 Bf8c5
4.Nf3xe5 O-O
5.O-O Nf6xe4
6.d3 Bc5xf2
7.Rf1xf2 Ne4xf2
8.Qd1f1 Qd8f6
9.Qf1e1 d6
10.Nb1c3 dxe5
11.Nc3d5 Qf6f5
12.Nd5e7 { abandon }1-0

[Event "Memorial Lara CIII"]
[Site "www.echecsemail.com"]
[Date "2026.01.05"]
[Round "1"]
[White "Connecticcut"]
[Black "Bertelsen"]
[WhiteElo "1860"]
[BlackElo "1730"]
[Result "1-0"]
1.d4 Ng8f6
2.d5 g6
3.Nb1c3 Bf8g7
4.e4 d6
5.Bf1b5 Bc8d7
6.Bb5xd7 Nb8xd7
7.Ng1f3 Nd7e5
8.Nf3xe5 dxe5
9.O-O O-O
10.Bc1g5 Nf6e8
11.Qd1f3 f6
12.Bg5h4 g5
13.Bh4g3 h5
14.Qf3xh5 Ne8d6
15.h4 Qd8e8
16.Qh5g4 Qe8c8
17.Qg4xc8 Ra8xc8
18.hxg5 Kf7
19.gxf6 exf6
20.f3 Bg7h6
21.Kf2 c5
22.Ke2 Rf8h8
23.Rf1h1 Bh6g7
24.Rh1h2 Rh8xh2
25.Bg3xh2 b5
26.b3 a5
27.a4 b4
28.Nc3b5 Nd6b7
29.Kd3 Bg7h6
30.Nb5a7 Rc8d8
31.Na7c6 Rd8d7
32.Bh2xe5 Bh6g5
33.Be5b8 Kg6
34.g4 Kg7
35.Kc4 Bg5e3
36.Bb8a7 Kg6
37.Ra1h1 Be3h6
38.Ba7xc5 Nb7xc5
39.Kxc5 Bh6e3
40.Kb5 Be3d2
41.Rh1h5 Rd7b7
42.Kxa5 { abandon }1-0

[Event "Coupe Niveau 6"]
[Site "www.echecsemail.com"]
[Date "2026.01.05"]
[Round "1"]
[White "Alain64"]
[Black "Abc47"]
[WhiteElo "2140"]
[BlackElo "2160"]
[Result "0-1"]
1.c4 e6
2.Nb1c3 d5
3.d4 Ng8f6
4.e3 c5
5.cxd5 exd5
6.Bf1b5 Nb8c6
7.Ng1f3 Bc8d7
8.O-O Bf8e7
9.a3 O-O
10.dxc5 Bd7g4
11.Bb5xc6 bxc6
12.h3 Bg4h5
13.Qd1d4 Bh5xf3
14.gxf3 Qd8d7
15.Kh2 Qd7f5
16.f4 Rf8d8
17.Rf1g1 g6
18.b4 Nf6e4
19.Bc1b2 Be7f6
20.Qd4d3 Kh8
21.Qd3c2 Ne4xc3
22.Qc2xf5 gxf5
23.Rg1g5 Nc3e4
24.Bb2xf6 Ne4xf6
25.Rg5xf5 Nf6e4
26.Rf5xf7 d4
27.Ra1g1 Rd8g8
28.Rg1xg8 Kxg8
29.Rf7c7 Ra8d8
30.exd4 Rd8xd4
31.Rc7xc6 Rd4d2
32.Rc6c8 Kg7
33.Rc8c7 Kg6
34.Rc7xa7 Rd2xf2
35.Kg1 Rf2c2
36.Ra7e7 Kf5
37.Re7xh7 Kxf4
38.h4 Ne4g3
39.Rh7f7 Kg4
40.Rf7h7 Kh3
{ abandon }0-1